Poznámky o stavu historické vědy 1945-1953
| Titel: | Poznámky o stavu historické vědy 1945-1953 |
|---|---|
| Verfasser: | |
| In: |
Věda v Československu v letech 1945 -1953, (1999), Seite 373-375 alle Artikel anzeigen |
| Veröffentlicht: | 1999 |
| Format: | Aufsatz |
| Sprache: | Tschechisch |
X
alg: 39298118 001A $01999:11-11-16 001B $01999:12-03-21 $t19:07:41.000 001D $01999:11-11-16 001U $0utf8 001X $00 002@ $0Aox 003@ $0392981181 007A $0392981181 $aHEB 007T $0Herdp17241 010@ $acze 011@ $a1999 021A $aPoznámky o stavu historické vědy 1945-1953 028A $aPolišenský $dJosef 031A $h373-375 $j1999 039B $aIn $8--Aau--. Věda v Československu v letech 1945 -1953. - Vyd. 1.. - Praha : Nakl. Karolinum, 1999. - 563 S.. - Ill. $x199900000000000627 $9214849880 045F $a907.2094371 $eDDC23BSB 045F/01 $a907.2 045F/03 $g4371 lok: 39298118 78 exp: 39298118 78 1 #EPN 201B/01 $030-09-20 $t22:40:51.000 201U/01 $0utf8 203@/01 $0789091496 208@/01 $a11-11-16 $be 209A/01 $a/ $f000 $x00 220C/01 $aTitelaufnehmer: rb 220C/01 $aHerkunft: Hú Av Čr Praha 244Z/01 $#Tschechien $#Tschechische Republik $#Tschechische Republik $#Tschechenland $#Tschechei Tschechien $#Česká Republika $#Czech Republic $#ČR $74303381-7 $8--Tg1--Tschechien $x01 $9086659812 244Z/01 $2Trx $#Böhmen $#Bohemia $#Czechy $8--Trx--Čechy $x02 $9391188941 244Z/01 $#Prag $#Hlavni Město Praha $#Hauptstadt Prag $#Prag Kraj $#Bezirk Prag $#Praha $#Prague $#Praga $#Praag $74076310-9 $8--Tg1--Prag $x03 $9085216283 244Z/01 $#Olmüz $#Olomouc Olmütz $74075643-9 $8--Tg1--Olmütz $x04 $9085213993 244Z/01 $aGeschichte 1945-1953 $x05 244Z/01 $#Polišenský, J. V. $#Polišenský, Josef Vincent $#Polišenský, Josef V. $#Polishenskiĭ, Iosif $#Polišenskij, Josif $#Polišenský, J. $#Polishenskii, Iosif $712354534X $8--Tp1--Polišenský, Josef$Z1915-2001 $x06 $9103053611 244Z/01 $2Trx $#ajaloolased $#istorikai $#historians $#történészek $#historycy $#historici $#historici $8--Trx--Historiker $x07 $9391373544 244Z/01 $2Trx $#historiograafia, Tšehhi $#Čekijos istoriografija $#Historiography,Czech $#történettudomány, cseh $#historiografia czeska $#historiografia česká $#historiografie česká $#Historiographie, böhmische $8--Trx--Historiographie, tschechische $x08 $9391359770 244Z/01 $2Trx $8--Trx--Einzelbeiträge $x09 $9391384570 245Z/01 $a01.04 $x01 247C/01 $82080>Marburg/Lahn, Herder-Institut, Forschungsbibliothek, Bibliographieportal $9336309341
| LEADER | 00000caa a22000002c 4500 | ||
|---|---|---|---|
| 001 | 392981181 | ||
| 003 | DE-603 | ||
| 005 | 20210312190741.0 | ||
| 007 | tu | ||
| 008 | 161111s1999 xx |||| | u00||u|cze c | ||
| 035 | |a (DE-599)HEB392981181 | ||
| 040 | |a DE-603 |b ger |c DE-603 |d DE-603 | ||
| 041 | |a cze | ||
| 082 | 0 | 4 | |8 1\u |a 907.2094371 |q DE-101 |2 23/BSB |
| 085 | |8 1\u |b 907.2 | ||
| 085 | |8 1\u |z 2 |s 4371 | ||
| 100 | 1 | |a Polišenský, Josef | |
| 245 | 0 | 0 | |a Poznámky o stavu historické vědy 1945-1953 |
| 264 | 0 | |c 1999 | |
| 773 | 0 | 8 | |i In |t Věda v Československu v letech 1945 -1953 |b Vyd. 1. |d Praha : Nakl. Karolinum, 1999 |h 563 S., Ill. |g (1999), Seite 373-375 |w (DE-603)214849880 |
| 924 | 0 | |9 2080 |a (DE-603)789091496 |b DE-2080 |c HES |d d |g / | |


